| 000 | 00607 a2200181 4500 | ||
|---|---|---|---|
| 020 | _a0673995674 | ||
| 020 | _a9780673995674 | ||
| 090 |
_c2523 _d2523 |
||
| 100 | 1 | _aGitman. | |
| 245 | 1 | 0 |
_aFoundations of managerial finance / _cGitman. |
| 250 | _a4th ed. | ||
| 260 |
_a[S.l.] : _bHarpercollins College Div, _c1995. |
||
| 300 |
_a1 v. (unpaged) ; _c27 cm. |
||
| 500 | _aHardcover. | ||
| 856 | 4 | 0 |
_3Amazon.com _uhttp://www.amazon.com/exec/obidos/ASIN/0673995674/chopaconline-20 |
| 856 | 4 | 0 |
_3Amazon customer reviews _uhttp://www.chopac.org/cgi-bin/tools/azrev.pl?q=0673995674 |
| 942 |
_aNBS _cBK _k658.15 GIT |
||
| 999 |
_c345018 _d345018 |
||